| 000 | 00777cam a22002055a 4500 | ||
|---|---|---|---|
| 001 | L154737 | ||
| 008 | 120117s2008 xxk f 000 0 eng d | ||
| 020 | _a9781906335052 | ||
| 035 | _a(Sirsi) u154737 | ||
| 041 | 0 | _aeng | |
| 110 | 2 |
_aInstitution of Structural Engineers _9441 |
|
| 245 | 0 | 0 | _aGuide to surveys and inspections of buildings and associated structures |
| 260 |
_aLondon _bIStructE _c2008 |
||
| 300 |
_avi, 60p. _c21cm. |
||
| 520 | _aOffers guidance on carrying out surveys and inspections, and producing subsequent reports. Includes inspection checklists and information on legal and safety aspects of inspection. | ||
| 520 | _aSupersedes 1991 edition (ISBN: 0901297143). | ||
| 651 | 4 |
_aUnited Kingdom _y |
|
| 690 |
_aBuilding surveying _96225 |
||
| 942 | _n0 | ||
| 999 |
_c113122 _d113122 |
||